000 00279 a2200097 4500
020 _a9780190124748
100 _aAmita Dhanda, ed.
245 _aLaw, Justice, Society: selected works of Upendra Baxi- Human rights volume 1
260 _bOxford University Press
_c2026
942 _cOO
999 _c116174
_d116173